01270nam a22003254a 4500001001200000003000800012006001900020007001500039008004100054010001700095020003800112020003500150040002100185035002100206050002700227082001700254100002200271245012200293260003400415300002300449500002000472533015200492650004700644650003800691650002600729655002900755710001700784856012600801999001700927ebr10226784CaPaEBRm u cr cn|||||||||060315s2008 njua s 001 0 eng  z 2006923952 z9780470039731 (pbk. : alk. paper) z0470039736 (pbk. : alk. paper) aCaPaEBRcCaPaEBR a(OCoLC)19188180814aHF5548.37b.G74 2008eb04a658.4/782221 aGregory, Peter H.10aIT disaster recovery planning for dummiesh[electronic resource] /cPeter Gregory ; foreword by Philip Jan Rothstein. aHoboken, NJ :bWiley,cc2008. axx, 360 p. :bill. aIncludes index. aElectronic reproduction.bPalo Alto, Calif. :cebrary,d2013.nAvailable via World Wide Web.nAccess may be limited to ebrary affiliated libraries. 0aInformation technologyxSecurity measures. 0aInformation resources management. 0aEmergency management. 7aElectronic books.2local2 aebrary, Inc.40uhttp://site.ebrary.com/lib/rucke/Doc?id=10226784zAn electronic book accessible through the World Wide Web; click to view c28775d28775